LEADER 01138nam0 2200301 i 450 001 SUN0001680 005 20111017113916.772 010 $a88-420-5399-6 020 $aIT$b98 8701 100 $a20020701d1998 |0itac50 ba 101 $aita 102 $aIT 105 $a|||| ||||| 200 1 $aˆI ‰fondamenti del diritto romano$ele cose e la natura$fMario Bretone 210 $aRoma$cLaterza$d1998 215 $aXII, 326 p.$d21 cm. 410 1$1001SUN0012205$12001 $aCollezione storica$1210 $aBari$aRoma$cLaterza. 606 $aRes $2FI$3SUNC001274 620 $dRoma$3SUNL000360 676 $a346.3704$v21 700 1$aBretone$b, Mario$3SUNV001736$0143429 712 $aLaterza$3SUNV000002$4650 801 $aIT$bSOL$c20181109$gRICA 912 $aSUN0001680 950 $aUFFICIO DI BIBLIOTECA DEL DIPARTIMENTO DI GIURISPRUDENZA$d00 CONS XVIII.Da.11 $e00 16388 995 $aUFFICIO DI BIBLIOTECA DEL DIPARTIMENTO DI GIURISPRUDENZA$h16388$kCONS XVIII.Da.11$op$qa 996 $aFondamenti del diritto romano$9305762 997 $aUNICAMPANIA LEADER 01742oam 2200445M 450 001 9910716463103321 005 20200213071000.1 035 $a(CKB)5470000002521513 035 $a(OCoLC)1065632002 035 $a(OCoLC)995470000002521513 035 $a(EXLCZ)995470000002521513 100 $a20071213d1926 ua 0 101 0 $aeng 135 $aurcn||||||||| 181 $ctxt$2rdacontent 182 $cc$2rdamedia 183 $acr$2rdacarrier 200 10$aFee for certifying transcripts, Court of Claims. December 15, 1926. -- Committed to the Committee of the Whole House on the State of the Union and ordered to be printed 210 1$a[Washington, D.C.] :$c[U.S. Government Printing Office],$d1926. 215 $a1 online resource (1 pages) 225 1 $aHouse report / 69th Congress, 2nd session. House ;$vno. 1626 225 1 $a[United States congressional serial set] ;$v[serial no. 8688] 300 $aBatch processed record: Metadata reviewed, not verified. Some fields updated by batch processes. 300 $aFDLP item number not assigned. 606 $aFees, Administrative 606 $aAppellate procedure 606 $aCourt records 608 $aLegislative materials.$2lcgft 615 0$aFees, Administrative. 615 0$aAppellate procedure. 615 0$aCourt records. 701 $aGraham$b George Scott$f1850-1931.$pRepublican (PA)$01386798 801 0$bWYU 801 1$bWYU 801 2$bOCLCO 801 2$bOCLCQ 906 $aBOOK 912 $a9910716463103321 996 $aFee for certifying transcripts, Court of Claims. December 15, 1926. -- Committed to the Committee of the Whole House on the State of the Union and ordered to be printed$93447427 997 $aUNINA LEADER 04237nam 2201069z- 450 001 9910557112003321 005 20210501 035 $a(CKB)5400000000040926 035 $a(oapen)https://directory.doabooks.org/handle/20.500.12854/69328 035 $a(oapen)doab69328 035 $a(EXLCZ)995400000000040926 100 $a20202105d2020 |y 0 101 0 $aeng 135 $aurmn|---annan 181 $ctxt$2rdacontent 182 $cc$2rdamedia 183 $acr$2rdacarrier 200 00$aNew Aspects of Cancer Stem Cell Biology$eImplications for Innovative Therapies 210 $aBasel, Switzerland$cMDPI - Multidisciplinary Digital Publishing Institute$d2020 215 $a1 online resource (208 p.) 311 08$a3-03943-406-3 311 08$a3-03943-407-1 330 $aThe cancer stem cell (CSC) paradigm represents one of the most prominent breakthroughs of the last decades in tumor biology. CSCs are that subpopulation within a tumor that can survive conventional therapies and as a consequence are able to fuel tumor recurrence. Nevertheless, the biological characteristics of CSCs and even their existence, remain the main topic among tumor biologists debates. The difficulty in achieving a better definition of CSC biology may actually be explained by the plasticity of such a cell subpopulation. Indeed, the emerging view is that CSCs represent a dynamic "state" of tumor cells that can acquire stemness-related properties under specific circumstances, rather than referring to a well-defined group of cells. Regardless of their origin, it is clear that designing novel antitumor treatments based on the eradication of CSCs will only be possible upon unraveling the biological mechanisms that underlie their pathogenic role in tumor progression and therapy resistance. The Special Issue on "New aspects of cancer stem cell biology: implications for innovative therapies" aims at highlighting recent insights into CSC features that can make them an attractive target for novel therapeutic strategies. 517 $aNew Aspects of Cancer Stem Cell Biology 606 $aBiology, life sciences$2bicssc 606 $aResearch & information: general$2bicssc 610 $aALDH1 610 $aATAC-seq 610 $aB4GALT1 610 $abevacizumab 610 $abowel cancer 610 $abreast cancer 610 $aCadherin 11 610 $acancer stem cell 610 $acancer stem cells 610 $acancer therapy 610 $acell adhesion molecule 610 $achemo-resistance 610 $achemoresistance 610 $achemotherapy resistance 610 $acolon 610 $acolorectal 610 $aCSCs 610 $adasatinib 610 $aearly breast cancer 610 $aEC-8042 610 $aepithelial-mesenchymal transition 610 $aexosomes 610 $agenetic heterogeneity 610 $agenome-wide 610 $aHDAC inhibitors 610 $ahead and neck squamous cell carcinoma 610 $aimmunohistochemistry 610 $aL1CAM 610 $alipid 610 $aLUAD 610 $alung cancer 610 $ametabolism 610 $aneoadjuvant chemotherapy 610 $aNSCLC 610 $aoral cancer risk 610 $aoral epithelial dysplasia 610 $aoral squamous cell carcinoma 610 $aorganoid 610 $aovarian cancer 610 $aOvarian cancer 610 $aRNA-seq 610 $asaracatinib 610 $aSNP array 610 $asolid cancer 610 $aSOX2 610 $aSRC 610 $astem cell 610 $atherapeutic resistance 610 $atherapy resistance 610 $aTNBC 610 $atranscriptome 610 $atumor progression 610 $atumoroid 610 $aWnt signaling 610 $aWNT signaling 610 $a?-catenin 615 7$aBiology, life sciences 615 7$aResearch & information: general 700 $aCavallaro$b Ugo$4edt$0406773 702 $aGiordano$b Marco$4edt 702 $aCavallaro$b Ugo$4oth 702 $aGiordano$b Marco$4oth 906 $aBOOK 912 $a9910557112003321 996 $aNew Aspects of Cancer Stem Cell Biology$93021982 997 $aUNINA LEADER 01019nas 2200373 c 450 001 9910893723703321 005 20260218111247.0 035 $a(CKB)5280000000203172 035 $a(DE-599)ZDB2896079-8 035 $a(DE-101)1133379125 035 $a(DE-599)2896079-8 035 $a(EXLCZ)995280000000203172 100 $a20170602b20102010 |y | 101 0 $ager 135 $aur||||||||||| 181 $ctxt$2rdacontent 182 $cc$2rdamedia 183 $acr$2rdacarrier 200 00$aFlugblatt des Jahrbuchs der neuesten Literatur 210 31$aJena$cThu?ringer Universita?ts- und Landesbibliothek$d2010 215 $aOnline-Ressource 300 $aGesehen am 02. Juni 2017 300 $aReproduktion 608 $aZeitschrift$2gnd-content 676 $a800 676 $a830 676 $a070 801 0$b0027 801 1$bDE-101 801 2$b9999 906 $aJOURNAL 912 $a9910893723703321 996 $aFlugblatt des Jahrbuchs der neuesten Literatur$94258649 997 $aUNINA